Chemistry (Record no. 37178)

MARC details
000 -LEADER
fixed length control field 00509nam a2200157 a 4500
008 - FIXED-LENGTH DATA ELEMENTS--GENERAL INFORMATION
fixed length control field 120416s1973 ||||||||||||||||| || u
020 ## - INTERNATIONAL STANDARD BOOK NUMBER
International Standard Book Number 0194377229
050 ## - LIBRARY OF CONGRESS CALL NUMBER
Classification number PE 1127.S3 Haw
100 ## - MAIN ENTRY--PERSONAL NAME
Personal name Hawkins, W. F
245 10 - TITLE STATEMENT
Title Chemistry
260 ## - PUBLICATION, DISTRIBUTION, ETC.
Place of publication, distribution, etc. London
Name of publisher, distributor, etc. Oxford University Press
Date of publication, distribution, etc. 1973
300 ## - PHYSICAL DESCRIPTION
Extent xiv, 313p.
350 ## - PRICE (NR) (BK AM CF MU VM SE) [OBSOLETE]
Price 0.00
700 ## - ADDED ENTRY--PERSONAL NAME
Personal name Taylor, G. V
995 ## - RECOMMENDATION 995 [LOCAL, UNIMARC FRANCE]
-- 0.00
-- CBU-MAIN LIBRARY (Kitwe)
-- 1
-- 3.20
-- 1
-- DAMAGED
-- Main Library Open Access Collection
Holdings
Withdrawn status Lost status Source of classification or shelving scheme Damaged status Not for loan Home library Current library Shelving location Date acquired Total Checkouts Full call number Barcode Date last seen Price effective from Koha item type
          CBU-MAIN LIBRARY, KITWE. CBU-MAIN LIBRARY, KITWE.   11/30/2022   PE 1127.S3 Haw 010728 11/30/2022 11/30/2022 MONOGRAPH